| 000 | 00729nam a2200265Ia 4500 | ||
|---|---|---|---|
| 003 | OSt | ||
| 005 | 20221007110804.0 | ||
| 006 | a|||||r|||| 00| 0 | ||
| 007 | ta | ||
| 008 | 221006b |||||||| |||| 00| 0 eng d | ||
| 024 | _a21,898 | ||
| 037 | _cTextual | ||
| 040 |
_aLCO _cLCO _beng |
||
| 041 |
_2eng _aeng |
||
| 082 | _aX8(A)qN48, L5 | ||
| 100 |
_aKharbanda M.L. _9342487 |
||
| 245 | 0 | _aFactories Act, 1948 with Commentary and Case Laws | |
| 250 | _a2nd | ||
| 260 |
_aAllahabad _bLaw Publishing House India _c1975 |
||
| 300 | _a92 | ||
| 650 | _aFACTORY ACT | ||
| 700 |
_a Kharbanda V.K. _9424979 |
||
| 942 |
_hX8(A)qN48, L5 _cTEXL |
||
| 999 |
_c1191461 _d1191461 |
||